000 00459nam a2200145 i 4500
001 bg
100 1 _aKRZYŻEWSKI, Janusz
245 0 _aPrzepisy o informacji naukowej, technicznej i ekonomicznej /
_cJanusz Krzyżewski.
260 _aWarszawa,
_c1977.
040 _cBPK
041 _apol
942 _cKS
008 s pl f |000 0 pol
856 _uhttp://koha.tu.koszalin.pl/cgi-bin/koha/opac-detail.pl?biblionumber=29673
_yKatalog online BPK
999 _c29673
_d29673